000
00234nam a2200097Ia 4500
001
719614
005
20250826163046.0
008
250824s9999 xx 000 0 und d
245
0
_a
DEVLET KUŞU
_c
ORHAN KEMAL
260
_b
EVEREST YAYINLARI
999
_c
719614
_d
719614